Missä maissa nämä satunnaiset pisteet ovat? - Statistics

Yleistilastot
  • Tätä visaa on pelattu 155 kertaa
  • Keskiarvotulos 14 / 20
Vastaukset kartalla
Vastauksille on annettu kartalla punavihreä väri sen mukaan, kuinka moni on saanut sen oikein.
 
Vastaustilastot
maa % Oikein
Albania
100%
Algeria
100%
Algeria
100%
Angola
100%
Argentiina
100%
Argentiina
100%
Argentiina
100%
Australia
100%
Australia
100%
Australia
100%
Australia
100%
Australia
100%
Australia
100%
Australia
100%
Australia
100%
Australia
100%
Australia
100%
Australia
100%
Bangladesh
100%
Brasilia
100%
Brasilia
100%
Brasilia
100%
Brasilia
100%
Brasilia
100%
Brasilia
100%
Brasilia
100%
Brasilia
100%
Brasilia
100%
Brasilia
100%
Brasilia
100%
Brasilia
100%
Brasilia
100%
Brasilia
100%
Brasilia
100%
Brasilia
100%
Brasilia
100%
Bulgaria
100%
Chile
100%
Chile
100%
Chile
100%
Egypti
100%
Egypti
100%
Eritrea
100%
Espanja
100%
Espanja
100%
Espanja
100%
Espanja
100%
Etelä-Afrikka
100%
Etelä-Sudan
100%
Etiopia
100%
Filippiinit
100%
Filippiinit
100%
Guyana
100%
Indonesia
100%
Indonesia
100%
Indonesia
100%
Indonesia
100%
Intia
100%
Intia
100%
Intia
100%
Intia
100%
Intia
100%
Intia
100%
Intia
100%
Italia
100%
Italia
100%
Japani
100%
Japani
100%
Kanada
100%
Kanada
100%
Kanada
100%
Kanada
100%
Kanada
100%
Kanada
100%
Kanada
100%
Kanada
100%
Kanada
100%
Kanada
100%
Kanada
100%
Kanada
100%
Kanada
100%
Kanada
100%
Kanada
100%
Kanada
100%
Kanada
100%
Kanada
100%
Kanada
100%
Kanada
100%
Kanada
100%
Kanada
100%
Kanada
100%
Kanada
100%
Kanada
100%
Kanada
100%
Kanada
100%
Kanada
100%
Kanada
100%
Kanada
100%
Kanada
100%
Kanada
100%
Kanada
100%
Kanada
100%
Kanada
100%
Kanada
100%
Kanada
100%
Kanada
100%
Kanada
100%
Kanada
100%
Kanada
100%
Kazakstan
100%
Kazakstan
100%
Kazakstan
100%
Kazakstan
100%
Kazakstan
100%
Kenia
100%
Kiina
100%
Kiina
100%
Kiina
100%
Kiina
100%
Kiina
100%
Kiina
100%
Kiina
100%
Kiina
100%
Kiina
100%
Kiina
100%
Kiina
100%
Kiina
100%
Kiina
100%
Kiina
100%
Kiina
100%
Kiina
100%
Kiina
100%
Kiina
100%
Kiina
100%
Kiina
100%
Kiina
100%
Kiina
100%
Kiina
100%
Kolumbia
100%
Kolumbia
100%
Kongon demokraattinen tasavalta
100%
Kongon demokraattinen tasavalta
100%
Kongon demokraattinen tasavalta
100%
Kongon tasavalta
100%
Kreikka
100%
Kroatia
100%
Kuuba
100%
Libya
100%
Libya
100%
Libya
100%
Liettua
100%
Mali
100%
Marokko
100%
Mauritania
100%
Meksiko
100%
Meksiko
100%
Meksiko
100%
Meksiko
100%
Mongolia
100%
Mongolia
100%
Mongolia
100%
Mongolia
100%
Mosambik
100%
Namibia
100%
Namibia
100%
Niger
100%
Norja
100%
Norja
100%
Norsunluurannikko
100%
Peru
100%
Peru
100%
Pohjois-Korea
100%
Pohjois-Korea
100%
Portugali
100%
Puola
100%
Puola
100%
Puola
100%
Ranska
100%
Ranska
100%
Ranska
100%
Romania
100%
Ruotsi
100%
Saksa
100%
Saudi-Arabia
100%
Saudi-Arabia
100%
Saudi-Arabia
100%
Senegal
100%
Slovakia
100%
Sudan
100%
Sudan
100%
Suomi
100%
Suomi
100%
Suriname
100%
Taiwan
100%
Tansania
100%
Tansania
100%
Tanska
100%
Tanska
100%
Tanska
100%
Tanska
100%
Thaimaa
100%
Thaimaa
100%
Thaimaa
100%
Trinidad ja Tobago
100%
Tšad
100%
Turkki
100%
Turkki
100%
Turkki
100%
Uganda
100%
Valko-Venäjä
100%
Venäjä
100%
Venäjä
100%
Venäjä
100%
Venäjä
100%
Venäjä
100%
Venäjä
100%
Venäjä
100%
Venäjä
100%
Venäjä
100%
Venäjä
100%
Venäjä
100%
Venäjä
100%
Venäjä
100%
Venäjä
100%
Venäjä
100%
Venäjä
100%
Venäjä
100%
Venäjä
100%
Venäjä
100%
Venäjä
100%
Venäjä
100%
Venäjä
100%
Venäjä
100%
Venäjä
100%
Venäjä
100%
Venäjä
100%
Venäjä
100%
Venäjä
100%
Venäjä
100%
Venäjä
100%
Venäjä
100%
Venäjä
100%
Venäjä
100%
Venäjä
100%
Venäjä
100%
Venäjä
100%
Venäjä
100%
Venäjä
100%
Venäjä
100%
Venäjä
100%
Venäjä
100%
Venäjä
100%
Venäjä
100%
Venäjä
100%
Venäjä
100%
Venäjä
100%
Venäjä
100%
Venäjä
100%
Venäjä
100%
Venäjä
100%
Venäjä
100%
Venäjä
100%
Venäjä
100%
Venäjä
100%
Venäjä
100%
Venäjä
100%
Venäjä
100%
Venäjä
100%
Venäjä
100%
Vietnam
100%
Viro
100%
Yhdistynyt kuningaskunta
100%
Yhdysvallat
100%
Yhdysvallat
100%
Yhdysvallat
100%
Yhdysvallat
100%
Yhdysvallat
100%
Yhdysvallat
100%
Yhdysvallat
100%
Yhdysvallat
100%
Yhdysvallat
100%
Yhdysvallat
100%
Yhdysvallat
100%
Yhdysvallat
100%
Yhdysvallat
100%
Yhdysvallat
100%
Yhdysvallat
100%
Yhdysvallat
100%
Yhdysvallat
100%
Yhdysvallat
100%
Yhdysvallat
100%
Yhdysvallat
100%
Yhdysvallat
100%
Yhdysvallat
100%
Indonesia
50%
Japani
50%
Kiina
50%
Mosambik
50%
Venäjä
50%
Afganistan
0%
Afganistan
0%
Afganistan
0%
Afganistan
0%
Afganistan
0%
Afganistan
0%
Afganistan
0%
Afganistan
0%
Afganistan
0%
Afganistan
0%
Afganistan
0%
Afganistan
0%
Afganistan
0%
Alankomaat
0%
Alankomaat
0%
Alankomaat
0%
Alankomaat
0%
Alankomaat
0%
Albania
0%
Algeria
0%
Algeria
0%
Algeria
0%
Algeria
0%
Algeria
0%
Algeria
0%
Algeria
0%
Algeria
0%
Algeria
0%
Algeria
0%
Algeria
0%
Algeria
0%
Algeria
0%
Algeria
0%
Algeria
0%
Algeria
0%
Algeria
0%
Algeria
0%
Algeria
0%
Algeria
0%
Algeria
0%
Algeria
0%
Algeria
0%
Algeria
0%
Algeria
0%
Algeria
0%
Algeria
0%
Algeria
0%
Algeria
0%
Algeria
0%
Algeria
0%
Algeria
0%
Algeria
0%
Algeria
0%
Algeria
0%
Algeria
0%
Algeria
0%
Algeria
0%
Algeria
0%
Andorra
0%
Angola
0%
Angola
0%
Angola
0%
Angola
0%
Angola
0%
Angola
0%
Angola
0%
Angola
0%
Angola
0%
Angola
0%
Angola
0%
Angola
0%
Angola
0%
Angola
0%
Angola
0%
Angola
0%
Angola
0%
Angola
0%
Angola
0%
Angola
0%
Antigua ja Barbuda
0%
Antigua ja Barbuda
0%
Argentiina
0%
Argentiina
0%
Argentiina
0%
Argentiina
0%
Argentiina
0%
Argentiina
0%
Argentiina
0%
Argentiina
0%
Argentiina
0%
Argentiina
0%
Argentiina
0%
Argentiina
0%
Argentiina
0%
Argentiina
0%
Argentiina
0%
Argentiina
0%
Argentiina
0%
Argentiina
0%
Argentiina
0%
Argentiina
0%
Argentiina
0%
Argentiina
0%
Argentiina
0%
Argentiina
0%
Argentiina
0%
Argentiina
0%
Argentiina
0%
Argentiina
0%
Argentiina
0%
Argentiina
0%
Argentiina
0%
Argentiina
0%
Argentiina
0%
Argentiina
0%
Argentiina
0%
Argentiina
0%
Argentiina
0%
Argentiina
0%
Argentiina
0%
Argentiina
0%
Argentiina
0%
Argentiina
0%
Argentiina
0%
Argentiina
0%
Argentiina
0%
Argentiina
0%
Argentiina
0%
Argentiina
0%
Armenia
0%
Armenia
0%
Australia
0%
Australia
0%
Australia
0%
Australia
0%
Australia
0%
Australia
0%
Australia
0%
Australia
0%
Australia
0%
Australia
0%
Australia
0%
Australia
0%
Australia
0%
Australia
0%
Australia
0%
Australia
0%
Australia
0%
Australia
0%
Australia
0%
Australia
0%
Australia
0%
Australia
0%
Australia
0%
Australia
0%
Australia
0%
Australia
0%
Australia
0%
Australia
0%
Australia
0%
Australia
0%
Australia
0%
Australia
0%
Australia
0%
Australia
0%
Australia
0%
Australia
0%
Australia
0%
Australia
0%
Australia
0%
Australia
0%
Australia
0%
Australia
0%
Australia
0%
Australia
0%
Australia
0%
Australia
0%
Australia
0%
Australia
0%
Australia
0%
Australia
0%
Australia
0%
Australia
0%
Australia
0%
Australia
0%
Australia
0%
Australia
0%
Australia
0%
Australia
0%
Australia
0%
Australia
0%
Australia
0%
Australia
0%
Australia
0%
Australia
0%
Australia
0%
Australia
0%
Australia
0%
Australia
0%
Australia
0%
Australia
0%
Australia
0%
Australia
0%
Australia
0%
Australia
0%
Australia
0%
Australia
0%
Australia
0%
Australia
0%
Australia
0%
Australia
0%
Australia
0%
Australia
0%
Australia
0%
Australia
0%
Australia
0%
Australia
0%
Australia
0%
Australia
0%
Australia
0%
Australia
0%
Australia
0%
Australia
0%
Australia
0%
Australia
0%
Australia
0%
Australia
0%
Australia
0%
Australia
0%
Australia
0%
Australia
0%
Australia
0%
Australia
0%
Australia
0%
Australia
0%
Australia
0%
Australia
0%
Australia
0%
Australia
0%
Australia
0%
Australia
0%
Australia
0%
Australia
0%
Australia
0%
Australia
0%
Australia
0%
Australia
0%
Australia
0%
Australia
0%
Australia
0%
Australia
0%
Australia
0%
Australia
0%
Australia
0%
Australia
0%
Australia
0%
Azerbaidžan
0%
Azerbaidžan
0%
Azerbaidžan
0%
Azerbaidžan
0%
Bahama
0%
Bahama
0%
Bahama
0%
Bahama
0%
Bahrain
0%
Bangladesh
0%
Bangladesh
0%
Bangladesh
0%
Barbados
0%
Belgia
0%
Belgia
0%
Belize
0%
Benin
0%
Benin
0%
Benin
0%
Benin
0%
Bhutan
0%
Bolivia
0%
Bolivia
0%
Bolivia
0%
Bolivia
0%
Bolivia
0%
Bolivia
0%
Bolivia
0%
Bolivia
0%
Bolivia
0%
Bolivia
0%
Bolivia
0%
Bolivia
0%
Bolivia
0%
Bolivia
0%
Bolivia
0%
Bolivia
0%
Bolivia
0%
Bolivia
0%
Bolivia
0%
Bolivia
0%
Bosnia ja Hertsegovina
0%
Bosnia ja Hertsegovina
0%
Bosnia ja Hertsegovina
0%
Botswana
0%
Botswana
0%
Botswana
0%
Botswana
0%
Botswana
0%
Botswana
0%
Botswana
0%
Botswana
0%
Botswana
0%
Botswana
0%
Botswana
0%
Brasilia
0%
Brasilia
0%
Brasilia
0%
Brasilia
0%
Brasilia
0%
Brasilia
0%
Brasilia
0%
Brasilia
0%
Brasilia
0%
Brasilia
0%
Brasilia
0%
Brasilia
0%
Brasilia
0%
Brasilia
0%
Brasilia
0%
Brasilia
0%
Brasilia
0%
Brasilia
0%
Brasilia
0%
Brasilia
0%
Brasilia
0%
Brasilia
0%
Brasilia
0%
Brasilia
0%
Brasilia
0%
Brasilia
0%
Brasilia
0%
Brasilia
0%
Brasilia
0%
Brasilia
0%
Brasilia
0%
Brasilia
0%
Brasilia
0%
Brasilia
0%
Brasilia
0%
Brasilia
0%
Brasilia
0%
Brasilia
0%
Brasilia
0%
Brasilia
0%
Brasilia
0%
Brasilia
0%
Brasilia
0%
Brasilia
0%
Brasilia
0%
Brasilia
0%
Brasilia
0%
Brasilia
0%
Brasilia
0%
Brasilia
0%
Brasilia
0%
Brasilia
0%
Brasilia
0%
Brasilia
0%
Brasilia
0%
Brasilia
0%
Brasilia
0%
Brasilia
0%
Brasilia
0%
Brasilia
0%
Brasilia
0%
Brasilia
0%
Brasilia
0%
Brasilia
0%
Brasilia
0%
Brasilia
0%
Brasilia
0%
Brasilia
0%
Brasilia
0%
Brasilia
0%
Brasilia
0%
Brasilia
0%
Brasilia
0%
Brasilia
0%
Brasilia
0%
Brasilia
0%
Brasilia
0%
Brasilia
0%
Brasilia
0%
Brasilia
0%
Brasilia
0%
Brasilia
0%
Brasilia
0%
Brasilia
0%
Brasilia
0%
Brasilia
0%
Brasilia
0%
Brasilia
0%
Brasilia
0%
Brasilia
0%
Brasilia
0%
Brasilia
0%
Brasilia
0%
Brasilia
0%
Brasilia
0%
Brasilia
0%
Brasilia
0%
Brasilia
0%
Brasilia
0%
Brasilia
0%
Brasilia
0%
Brasilia
0%
Brasilia
0%
Brasilia
0%
Brasilia
0%
Brasilia
0%
Brasilia
0%
Brasilia
0%
Brasilia
0%
Brasilia
0%
Brasilia
0%
Brunei
0%
Bulgaria
0%
Bulgaria
0%
Bulgaria
0%
Burkina Faso
0%
Burkina Faso
0%
Burkina Faso
0%
Burkina Faso
0%
Burkina Faso
0%
Burundi
0%
Chile
0%
Chile
0%
Chile
0%
Chile
0%
Chile
0%
Chile
0%
Chile
0%
Chile
0%
Chile
0%
Chile
0%
Chile
0%
Chile
0%
Chile
0%
Chile
0%
Chile
0%
Chile
0%
Chile
0%
Chile
0%
Chile
0%
Chile
0%
Chile
0%
Costa Rica
0%
Costa Rica
0%
Djibouti
0%
Dominica
0%
Dominikaaninen tasavalta
0%
Dominikaaninen tasavalta
0%
Ecuador
0%
Ecuador
0%
Ecuador
0%
Ecuador
0%
Ecuador
0%
Ecuador
0%
Egypti
0%
Egypti
0%
Egypti
0%
Egypti
0%
Egypti
0%
Egypti
0%
Egypti
0%
Egypti
0%
Egypti
0%
Egypti
0%
Egypti
0%
Egypti
0%
Egypti
0%
Egypti
0%
Egypti
0%
Egypti
0%
Egypti
0%
El Salvador
0%
Eritrea
0%
Eritrea
0%
Eritrea
0%
Eritrea
0%
Espanja
0%
Espanja
0%
Espanja
0%
Espanja
0%
Espanja
0%
Espanja
0%
Espanja
0%
Espanja
0%
Espanja
0%
Espanja
0%
Espanja
0%
Espanja
0%
Espanja
0%
Espanja
0%
Etelä-Afrikka
0%
Etelä-Afrikka
0%
Etelä-Afrikka
0%
Etelä-Afrikka
0%
Etelä-Afrikka
0%
Etelä-Afrikka
0%
Etelä-Afrikka
0%
Etelä-Afrikka
0%
Etelä-Afrikka
0%
Etelä-Afrikka
0%
Etelä-Afrikka
0%
Etelä-Afrikka
0%
Etelä-Afrikka
0%
Etelä-Afrikka
0%
Etelä-Afrikka
0%
Etelä-Afrikka
0%
Etelä-Afrikka
0%
Etelä-Afrikka
0%
Etelä-Afrikka
0%
Etelä-Afrikka
0%
Etelä-Afrikka
0%
Etelä-Afrikka
0%
Etelä-Afrikka
0%
Etelä-Korea
0%
Etelä-Korea
0%
Etelä-Korea
0%
Etelä-Korea
0%
Etelä-Korea
0%
Etelä-Sudan
0%
Etelä-Sudan
0%
Etelä-Sudan
0%
Etelä-Sudan
0%
Etelä-Sudan
0%
Etelä-Sudan
0%
Etelä-Sudan
0%
Etelä-Sudan
0%
Etelä-Sudan
0%
Etelä-Sudan
0%
Etelä-Sudan
0%
Etiopia
0%
Etiopia
0%
Etiopia
0%
Etiopia
0%
Etiopia
0%
Etiopia
0%
Etiopia
0%
Etiopia
0%
Etiopia
0%
Etiopia
0%
Etiopia
0%
Etiopia
0%
Etiopia
0%
Etiopia
0%
Etiopia
0%
Fidži
0%
Fidži
0%
Fidži
0%
Filippiinit
0%
Filippiinit
0%
Filippiinit
0%
Filippiinit
0%
Filippiinit
0%
Filippiinit
0%
Filippiinit
0%
Filippiinit
0%
Filippiinit
0%
Filippiinit
0%
Filippiinit
0%
Gabon
0%
Gabon
0%
Gabon
0%
Gabon
0%
Gabon
0%
Gambia
0%
Gambia
0%
Georgia
0%
Georgia
0%
Georgia
0%
Ghana
0%
Ghana
0%
Ghana
0%
Ghana
0%
Ghana
0%
Grenada
0%
Guatemala
0%
Guatemala
0%
Guatemala
0%
Guinea
0%
Guinea
0%
Guinea
0%
Guinea
0%
Guinea
0%
Guinea-Bissau
0%
Guinea-Bissau
0%
Guyana
0%
Guyana
0%
Guyana
0%
Guyana
0%
Haiti
0%
Haiti
0%
Haiti
0%
Honduras
0%
Honduras
0%
Honduras
0%
Indonesia
0%
Indonesia
0%
Indonesia
0%
Indonesia
0%
Indonesia
0%
Indonesia
0%
Indonesia
0%
Indonesia
0%
Indonesia
0%
Indonesia
0%
Indonesia
0%
Indonesia
0%
Indonesia
0%
Indonesia
0%
Indonesia
0%
Indonesia
0%
Indonesia
0%
Indonesia
0%
Indonesia
0%
Indonesia
0%
Indonesia
0%
Indonesia
0%
Indonesia
0%
Indonesia
0%
Indonesia
0%
Indonesia
0%
Indonesia
0%
Indonesia
0%
Indonesia
0%
Indonesia
0%
Indonesia
0%
Indonesia
0%
Indonesia
0%
Indonesia
0%
Indonesia
0%
Indonesia
0%
Indonesia
0%
Indonesia
0%
Indonesia
0%
Indonesia
0%
Indonesia
0%
Indonesia
0%
Indonesia
0%
Indonesia
0%
Indonesia
0%
Intia
0%
Intia
0%
Intia
0%
Intia
0%
Intia
0%
Intia
0%
Intia
0%
Intia
0%
Intia
0%
Intia
0%
Intia
0%
Intia
0%
Intia
0%
Intia
0%
Intia
0%
Intia
0%
Intia
0%
Intia
0%
Intia
0%
Intia
0%
Intia
0%
Intia
0%
Intia
0%
Intia
0%
Intia
0%
Intia
0%
Intia
0%
Intia
0%
Intia
0%
Intia
0%
Intia
0%
Intia
0%
Intia
0%
Intia
0%
Intia
0%
Intia
0%
Intia
0%
Intia
0%
Intia
0%
Intia
0%
Intia
0%
Intia
0%
Intia
0%
Intia
0%
Intia
0%
Intia
0%
Intia
0%
Intia
0%
Intia
0%
Intia
0%
Intia
0%
Intia
0%
Intia
0%
Intia
0%
Intia
0%
Irak
0%
Irak
0%
Irak
0%
Irak
0%
Irak
0%
Irak
0%
Irak
0%
Irak
0%
Irak
0%
Irak
0%
Irak
0%
Iran
0%
Iran
0%
Iran
0%
Iran
0%
Iran
0%
Iran
0%
Iran
0%
Iran
0%
Iran
0%
Iran
0%
Iran
0%
Iran
0%
Iran
0%
Iran
0%
Iran
0%
Iran
0%
Iran
0%
Iran
0%
Iran
0%
Iran
0%
Iran
0%
Iran
0%
Iran
0%
Iran
0%
Iran
0%
Iran
0%
Iran
0%
Iran
0%
Iran
0%
Iran
0%
Iran
0%
Iran
0%
Iran
0%
Irlanti
0%
Irlanti
0%
Irlanti
0%
Islanti
0%
Islanti
0%
Islanti
0%
Islanti
0%
Islanti
0%
Islanti
0%
Israel
0%
Israel
0%
Israel
0%
Italia
0%
Italia
0%
Italia
0%
Italia
0%
Italia
0%
Italia
0%
Italia
0%
Italia
0%
Italia
0%
Itä-Timor
0%
Itä-Timor
0%
Itävalta
0%
Itävalta
0%
Itävalta
0%
Itävalta
0%
Jamaika
0%
Jamaika
0%
Japani
0%
Japani
0%
Japani
0%
Japani
0%
Japani
0%
Japani
0%
Japani
0%
Japani
0%
Japani
0%
Japani
0%
Japani
0%
Jemen
0%
Jemen
0%
Jemen
0%
Jemen
0%
Jemen
0%
Jemen
0%
Jemen
0%
Jemen
0%
Jemen
0%
Jemen
0%
Jordania
0%
Jordania
0%
Jordania
0%
Kambodža
0%
Kambodža
0%
Kambodža
0%
Kamerun
0%
Kamerun
0%
Kamerun
0%
Kamerun
0%
Kamerun
0%
Kamerun
0%
Kamerun
0%
Kamerun
0%
Kamerun
0%
Kanada
0%
Kanada
0%
Kanada
0%
Kanada
0%
Kanada
0%
Kanada
0%
Kanada
0%
Kanada
0%
Kanada
0%
Kanada
0%
Kanada
0%
Kanada
0%
Kanada
0%
Kanada
0%
Kanada
0%
Kanada
0%
Kanada
0%
Kanada
0%
Kanada
0%
Kanada
0%
Kanada
0%
Kanada
0%
Kanada
0%
Kanada
0%
Kanada
0%
Kanada
0%
Kanada
0%
Kanada
0%
Kanada
0%
Kanada
0%
Kanada
0%
Kanada
0%
Kanada
0%
Kanada
0%
Kanada
0%
Kanada
0%
Kanada
0%
Kanada
0%
Kanada
0%
Kanada
0%
Kanada
0%
Kanada
0%
Kanada
0%
Kanada
0%
Kanada
0%
Kanada
0%
Kanada
0%
Kanada
0%
Kanada
0%
Kanada
0%
Kanada
0%
Kanada
0%
Kanada
0%
Kanada
0%
Kanada
0%
Kanada
0%
Kanada
0%
Kanada
0%
Kanada
0%
Kanada
0%
Kanada
0%
Kanada
0%
Kanada
0%
Kanada
0%
Kanada
0%
Kanada
0%
Kanada
0%
Kanada
0%
Kanada
0%
Kanada
0%
Kanada
0%
Kanada
0%
Kanada
0%
Kanada
0%
Kanada
0%
Kanada
0%
Kanada
0%
Kanada
0%
Kanada
0%
Kanada
0%
Kanada
0%
Kanada
0%
Kanada
0%
Kanada
0%
Kanada
0%
Kanada
0%
Kanada
0%
Kanada
0%
Kanada
0%
Kanada
0%
Kanada
0%
Kanada
0%
Kanada
0%
Kanada
0%
Kanada
0%
Kanada
0%
Kanada
0%
Kanada
0%
Kanada
0%
Kanada
0%
Kanada
0%
Kanada
0%
Kanada
0%
Kanada
0%
Kanada
0%
Kanada
0%
Kanada
0%
Kanada
0%
Kanada
0%
Kanada
0%
Kanada
0%
Kanada
0%
Kanada
0%
Kanada
0%
Kanada
0%
Kanada
0%
Kanada
0%
Kanada
0%
Kanada
0%
Kanada
0%
Kanada
0%
Kanada
0%
Kanada
0%
Kanada
0%
Kanada
0%
Kanada
0%
Kanada
0%
Kanada
0%
Kanada
0%
Kanada
0%
Kanada
0%
Kanada
0%
Kanada
0%
Kanada
0%
Kanada
0%
Kanada
0%
Kanada
0%
Kanada
0%
Kanada
0%
Kanada
0%
Kanada
0%
Kanada
0%
Kanada
0%
Kanada
0%
Kanada
0%
Kanada
0%
Kanada
0%
Kanada
0%
Kanada
0%
Kanada
0%
Kanada
0%
Kanada
0%
Kanada
0%
Kanada
0%
Kanada
0%
Kanada
0%
Kanada
0%
Kanada
0%
Kanada
0%
Kanada
0%
Kanada
0%
Kanada
0%
Kanada
0%
Kanada
0%
Kanada
0%
Kanada
0%
Kanada
0%
Kanada
0%
Kanada
0%
Kanada
0%
Kanada
0%
Kanada
0%
Kanada
0%
Kanada
0%
Kanada
0%
Kanada
0%
Kanada
0%
Kanada
0%
Kanada
0%
Kanada
0%
Kanada
0%
Kanada
0%
Kanada
0%
Kanada
0%
Kanada
0%
Kanada
0%
Kanada
0%
Kanada
0%
Kanada
0%
Kanada
0%
Kanada
0%
Kanada
0%
Kanada
0%
Kanada
0%
Kanada
0%
Kanada
0%
Kanada
0%
Kanada
0%
Kanada
0%
Kanada
0%
Kanada
0%
Kanada
0%
Kanada
0%
Kanada
0%
Kanada
0%
Kanada
0%
Kanada
0%
Kanada
0%
Kanada
0%
Kanada
0%
Kanada
0%
Kanada
0%
Kanada
0%
Kanada
0%
Kanada
0%
Kanada
0%
Kanada
0%
Kanada
0%
Kanada
0%
Kanada
0%
Kanada
0%
Kanada
0%
Kanada
0%
Kanada
0%
Kanada
0%
Kanada
0%
Kanada
0%
Kanada
0%
Kanada
0%
Kanada
0%
Kanada
0%
Kanada
0%
Kanada
0%
Kanada
0%
Kanada
0%
Kanada
0%
Kanada
0%
Kanada
0%
Kanada
0%
Kanada
0%
Kanada
0%
Kanada
0%
Kanada
0%
Kanada
0%
Kanada
0%
Kanada
0%
Kanada
0%
Kanada
0%
Kanada
0%
Kanada
0%
Kanada
0%
Kanada
0%
Kanada
0%
Kanada
0%
Kanada
0%
Kanada
0%
Kanada
0%
Kanada
0%
Kanada
0%
Kanada
0%
Kanada
0%
Kanada
0%
Kanada
0%
Kanada
0%
Kanada
0%
Kanada
0%
Kanada
0%
Kanada
0%
Kanada
0%
Kanada
0%
Kanada
0%
Kanada
0%
Kanada
0%
Kanada
0%
Kanada
0%
Kanada
0%
Kanada
0%
Kanada
0%
Kanada
0%
Kanada
0%
Kanada
0%
Kanada
0%
Kanada
0%
Kanada
0%
Kanada
0%
Kanada
0%
Kanada
0%
Kanada
0%
Kanada
0%
Kanada
0%
Kanada
0%
Kanada
0%
Kanada
0%
Kanada
0%
Kanada
0%
Kanada
0%
Kanada
0%
Kap Verde
0%
Kap Verde
0%
Kap Verde
0%
Kazakstan
0%
Kazakstan
0%
Kazakstan
0%
Kazakstan
0%
Kazakstan
0%
Kazakstan
0%
Kazakstan
0%
Kazakstan
0%
Kazakstan
0%
Kazakstan
0%
Kazakstan
0%
Kazakstan
0%
Kazakstan
0%
Kazakstan
0%
Kazakstan
0%
Kazakstan
0%
Kazakstan
0%
Kazakstan
0%
Kazakstan
0%
Kazakstan
0%
Kazakstan
0%
Kazakstan
0%
Kazakstan
0%
Kazakstan
0%
Kazakstan
0%
Kazakstan
0%
Kazakstan
0%
Kazakstan
0%
Kazakstan
0%
Kazakstan
0%
Kazakstan
0%
Kazakstan
0%
Kazakstan
0%
Kazakstan
0%
Kazakstan
0%
Kazakstan
0%
Kazakstan
0%
Kazakstan
0%
Kazakstan
0%
Kazakstan
0%
Kazakstan
0%
Kazakstan
0%
Kazakstan
0%
Kazakstan
0%
Kazakstan
0%
Kazakstan
0%
Kazakstan
0%
Kazakstan
0%
Kazakstan
0%
Kazakstan
0%
Kazakstan
0%
Kazakstan
0%
Kazakstan
0%
Kazakstan
0%
Kazakstan
0%
Kazakstan
0%
Kazakstan
0%
Kazakstan
0%
Kazakstan
0%
Kazakstan
0%
Kazakstan
0%
Kazakstan
0%
Kazakstan
0%
Kazakstan
0%
Kazakstan
0%
Kazakstan
0%
Kenia
0%
Kenia
0%
Kenia
0%
Kenia
0%
Kenia
0%
Kenia
0%
Kenia
0%
Kenia
0%
Kenia
0%
Kenia
0%
Keski-Afrikan tasavalta
0%
Keski-Afrikan tasavalta
0%
Keski-Afrikan tasavalta
0%
Keski-Afrikan tasavalta
0%
Keski-Afrikan tasavalta
0%
Keski-Afrikan tasavalta
0%
Keski-Afrikan tasavalta
0%
Keski-Afrikan tasavalta
0%
Keski-Afrikan tasavalta
0%
Keski-Afrikan tasavalta
0%
Keski-Afrikan tasavalta
0%
Keski-Afrikan tasavalta
0%
Kiina
0%
Kiina
0%
Kiina
0%
Kiina
0%
Kiina
0%
Kiina
0%
Kiina
0%
Kiina
0%
Kiina
0%
Kiina
0%
Kiina
0%
Kiina
0%
Kiina
0%
Kiina
0%
Kiina
0%
Kiina
0%
Kiina
0%
Kiina
0%
Kiina
0%
Kiina
0%
Kiina
0%
Kiina
0%
Kiina
0%
Kiina
0%
Kiina
0%
Kiina
0%
Kiina
0%
Kiina
0%
Kiina
0%
Kiina
0%
Kiina
0%
Kiina
0%
Kiina
0%
Kiina
0%
Kiina
0%
Kiina
0%
Kiina
0%
Kiina
0%
Kiina
0%
Kiina
0%
Kiina
0%
Kiina
0%
Kiina
0%
Kiina
0%
Kiina
0%
Kiina
0%
Kiina
0%
Kiina
0%
Kiina
0%
Kiina
0%
Kiina
0%
Kiina
0%
Kiina
0%
Kiina
0%
Kiina
0%
Kiina
0%
Kiina
0%
Kiina
0%
Kiina
0%
Kiina
0%
Kiina
0%
Kiina
0%
Kiina
0%
Kiina
0%
Kiina
0%
Kiina
0%
Kiina
0%
Kiina
0%
Kiina
0%
Kiina
0%
Kiina
0%
Kiina
0%
Kiina
0%
Kiina
0%
Kiina
0%
Kiina
0%
Kiina
0%
Kiina
0%
Kiina
0%
Kiina
0%
Kiina
0%
Kiina
0%
Kiina
0%
Kiina
0%
Kiina
0%
Kiina
0%
Kiina
0%
Kiina
0%
Kiina
0%
Kiina
0%
Kiina
0%
Kiina
0%
Kiina
0%
Kiina
0%
Kiina
0%
Kiina
0%
Kiina
0%
Kiina
0%
Kiina
0%
Kiina
0%
Kiina
0%
Kiina
0%
Kiina
0%
Kiina
0%
Kiina
0%
Kiina
0%
Kiina
0%
Kiina
0%
Kiina
0%
Kiina
0%
Kiina
0%
Kiina
0%
Kiina
0%
Kiina
0%
Kiina
0%
Kiina
0%
Kiina
0%
Kiina
0%
Kiina
0%
Kiina
0%
Kiina
0%
Kiina
0%
Kiina
0%
Kiina
0%
Kiina
0%
Kiina
0%
Kiina
0%
Kiina
0%
Kiina
0%
Kiina
0%
Kiina
0%
Kiina
0%
Kiina
0%
Kiina
0%
Kiina
0%
Kiina
0%
Kiina
0%
Kiina
0%
Kiina
0%
Kiina
0%
Kiina
0%
Kiina
0%
Kiina
0%
Kiina
0%
Kiina
0%
Kiina
0%
Kiina
0%
Kiina
0%
Kiina
0%
Kiina
0%
Kiina
0%
Kiina
0%
Kiina
0%
Kiina
0%
Kiina
0%
Kiina
0%
Kiina
0%
Kiina
0%
Kiina
0%
Kiina
0%
Kiina
0%
Kiina
0%
Kiina
0%
Kiina
0%
Kiina
0%
Kiina
0%
Kirgisia
0%
Kirgisia
0%
Kirgisia
0%
Kirgisia
0%
Kirgisia
0%
Kirgisia
0%
Kiribati
0%
Kiribati
0%
Kiribati
0%
Kiribati
0%
Kolumbia
0%
Kolumbia
0%
Kolumbia
0%
Kolumbia
0%
Kolumbia
0%
Kolumbia
0%
Kolumbia
0%
Kolumbia
0%
Kolumbia
0%
Kolumbia
0%
Kolumbia
0%
Kolumbia
0%
Kolumbia
0%
Kolumbia
0%
Kolumbia
0%
Kolumbia
0%
Kolumbia
0%
Kolumbia
0%
Komorit
0%
Kongon demokraattinen tasavalta
0%
Kongon demokraattinen tasavalta
0%
Kongon demokraattinen tasavalta
0%
Kongon demokraattinen tasavalta
0%
Kongon demokraattinen tasavalta
0%
Kongon demokraattinen tasavalta
0%
Kongon demokraattinen tasavalta
0%
Kongon demokraattinen tasavalta
0%
Kongon demokraattinen tasavalta
0%
Kongon demokraattinen tasavalta
0%
Kongon demokraattinen tasavalta
0%
Kongon demokraattinen tasavalta
0%
Kongon demokraattinen tasavalta
0%
Kongon demokraattinen tasavalta
0%
Kongon demokraattinen tasavalta
0%
Kongon demokraattinen tasavalta
0%
Kongon demokraattinen tasavalta
0%
Kongon demokraattinen tasavalta
0%
Kongon demokraattinen tasavalta
0%
Kongon demokraattinen tasavalta
0%
Kongon demokraattinen tasavalta
0%
Kongon demokraattinen tasavalta
0%
Kongon demokraattinen tasavalta
0%
Kongon demokraattinen tasavalta
0%
Kongon demokraattinen tasavalta
0%
Kongon demokraattinen tasavalta
0%
Kongon demokraattinen tasavalta
0%
Kongon demokraattinen tasavalta
0%
Kongon demokraattinen tasavalta
0%
Kongon demokraattinen tasavalta
0%
Kongon tasavalta
0%
Kongon tasavalta
0%
Kongon tasavalta
0%
Kongon tasavalta
0%
Kongon tasavalta
0%
Kongon tasavalta
0%
Kongon tasavalta
0%
Kosovo
0%
Kreikka
0%
Kreikka
0%
Kreikka
0%
Kreikka
0%
Kreikka
0%
Kroatia
0%
Kroatia
0%
Kroatia
0%
Kuuba
0%
Kuuba
0%
Kuuba
0%
Kuuba
0%
Kuuba
0%
Kuuba
0%
Kuwait
0%
Kypros
0%
Kypros
0%
Laos
0%
Laos
0%
Laos
0%
Laos
0%
Laos
0%
Laos
0%
Latvia
0%
Latvia
0%
Latvia
0%
Lesotho
0%
Libanon
0%
Liberia
0%
Liberia
0%
Libya
0%
Libya
0%
Libya
0%
Libya
0%
Libya
0%
Libya
0%
Libya
0%
Libya
0%
Libya
0%
Libya
0%
Libya
0%
Libya
0%
Libya
0%
Libya
0%
Libya
0%
Libya
0%
Libya
0%
Libya
0%
Libya
0%
Libya
0%
Libya
0%
Libya
0%
Libya
0%
Libya
0%
Libya
0%
Libya
0%
Libya
0%
Libya
0%
Liechtenstein
0%
Liettua
0%
Liettua
0%
Liettua
0%
Luxemburg
0%
Madagaskar
0%
Madagaskar
0%
Madagaskar
0%
Madagaskar
0%
Madagaskar
0%
Madagaskar
0%
Madagaskar
0%
Madagaskar
0%
Madagaskar
0%
Madagaskar
0%
Madagaskar
0%
Madagaskar
0%
Malawi
0%
Malawi
0%
Malawi
0%
Malediivit
0%
Malesia
0%
Malesia
0%
Malesia
0%
Malesia
0%
Malesia
0%
Malesia
0%
Mali
0%
Mali
0%
Mali
0%
Mali
0%
Mali
0%
Mali
0%
Mali
0%
Mali
0%
Mali
0%
Mali
0%
Mali
0%
Mali
0%
Mali
0%
Mali
0%
Mali
0%
Mali
0%
Mali
0%
Mali
0%
Mali
0%
Mali
0%
Mali
0%
Malta
0%
Marokko
0%
Marokko
0%
Marokko
0%
Marokko
0%
Marokko
0%
Marokko
0%
Marokko
0%
Marokko
0%
Marokko
0%
Marokko
0%
Marokko
0%
Marokko
0%
Marokko
0%
Marokko
0%
Marokko
0%
Marshallinsaaret
0%
Marshallinsaaret
0%
Marshallinsaaret
0%
Mauritania
0%
Mauritania
0%
Mauritania
0%
Mauritania
0%
Mauritania
0%
Mauritania
0%
Mauritania
0%
Mauritania
0%
Mauritania
0%
Mauritania
0%
Mauritania
0%
Mauritania
0%
Mauritania
0%
Mauritania
0%
Mauritania
0%
Mauritania
0%
Mauritania
0%
Mauritania
0%
Mauritania
0%
Mauritania
0%
Mauritania
0%
Mauritania
0%
Mauritius
0%
Meksiko
0%
Meksiko
0%
Meksiko
0%
Meksiko
0%
Meksiko
0%
Meksiko
0%
Meksiko
0%
Meksiko
0%
Meksiko
0%
Meksiko
0%
Meksiko
0%
Meksiko
0%
Meksiko
0%
Meksiko
0%
Meksiko
0%
Meksiko
0%
Meksiko
0%
Meksiko
0%
Meksiko
0%
Meksiko
0%
Meksiko
0%
Meksiko
0%
Meksiko
0%
Meksiko
0%
Meksiko
0%
Meksiko
0%
Meksiko
0%
Meksiko
0%
Meksiko
0%
Meksiko
0%
Meksiko
0%
Meksiko
0%
Meksiko
0%
Meksiko
0%
Meksiko
0%
Meksiko
0%
Meksiko
0%
Meksiko
0%
Mikronesia
0%
Mikronesia
0%
Mikronesia
0%
Mikronesia
0%
Moldova
0%
Moldova
0%
Moldova
0%
Mongolia
0%
Mongolia
0%
Mongolia
0%
Mongolia
0%
Mongolia
0%
Mongolia
0%
Mongolia
0%
Mongolia
0%
Mongolia
0%
Mongolia
0%
Mongolia
0%
Mongolia
0%
Mongolia
0%
Mongolia
0%
Mongolia
0%
Mongolia
0%
Mongolia
0%
Mongolia
0%
Mongolia
0%
Mongolia
0%
Mongolia
0%
Mongolia
0%
Mongolia
0%
Mongolia
0%
Mongolia
0%
Mongolia
0%
Mongolia
0%
Mongolia
0%
Mongolia
0%
Montenegro
0%
Mosambik
0%
Mosambik
0%
Mosambik
0%
Mosambik
0%
Mosambik
0%
Mosambik
0%
Mosambik
0%
Mosambik
0%
Mosambik
0%
Mosambik
0%
Mosambik
0%
Mosambik
0%
Myanmar
0%
Myanmar
0%
Myanmar
0%
Myanmar
0%
Myanmar
0%
Myanmar
0%
Myanmar
0%
Myanmar
0%
Myanmar
0%
Myanmar
0%
Myanmar
0%
Myanmar
0%
Myanmar
0%
Myanmar
0%
Myanmar
0%
Myanmar
0%
Namibia
0%
Namibia
0%
Namibia
0%
Namibia
0%
Namibia
0%
Namibia
0%
Namibia
0%
Namibia
0%
Namibia
0%
Namibia
0%
Namibia
0%
Namibia
0%
Namibia
0%
Namibia
0%
Namibia
0%
Nauru
0%
Nepal
0%
Nepal
0%
Nepal
0%
Nepal
0%
Nicaragua
0%
Nicaragua
0%
Nicaragua
0%
Nicaragua
0%
Niger
0%
Niger
0%
Niger
0%
Niger
0%
Niger
0%
Niger
0%
Niger
0%
Niger
0%
Niger
0%
Niger
0%
Niger
0%
Niger
0%
Niger
0%
Niger
0%
Niger
0%
Niger
0%
Niger
0%
Niger
0%
Niger
0%
Niger
0%
Nigeria
0%
Nigeria
0%
Nigeria
0%
Nigeria
0%
Nigeria
0%
Nigeria
0%
Nigeria
0%
Nigeria
0%
Nigeria
0%
Nigeria
0%
Nigeria
0%
Nigeria
0%
Nigeria
0%
Nigeria
0%
Nigeria
0%
Nigeria
0%
Norja
0%
Norja
0%
Norja
0%
Norja
0%
Norja
0%
Norja
0%
Norja
0%
Norja
0%
Norja
0%
Norja
0%
Norja
0%
Norja
0%
Norja
0%
Norja
0%
Norja
0%
Norsunluurannikko
0%
Norsunluurannikko
0%
Norsunluurannikko
0%
Norsunluurannikko
0%
Norsunluurannikko
0%
Oman
0%
Oman
0%
Oman
0%
Oman
0%
Oman
0%
Oman
0%
Oman
0%
Oman
0%
Oman
0%
Päiväntasaajan Guinea
0%
Päiväntasaajan Guinea
0%
Pakistan
0%
Pakistan
0%
Pakistan
0%
Pakistan
0%
Pakistan
0%
Pakistan
0%
Pakistan
0%
Pakistan
0%
Pakistan
0%
Pakistan
0%
Pakistan
0%
Pakistan
0%
Pakistan
0%
Pakistan
0%
Pakistan
0%
Pakistan
0%
Pakistan
0%
Pakistan
0%
Palau
0%
Palau
0%
Panama
0%
Panama
0%
Panama
0%
Panama
0%
Papua-Uusi-Guinea
0%
Papua-Uusi-Guinea
0%
Papua-Uusi-Guinea
0%
Papua-Uusi-Guinea
0%
Papua-Uusi-Guinea
0%
Papua-Uusi-Guinea
0%
Papua-Uusi-Guinea
0%
Papua-Uusi-Guinea
0%
Papua-Uusi-Guinea
0%
Papua-Uusi-Guinea
0%
Papua-Uusi-Guinea
0%
Papua-Uusi-Guinea
0%
Papua-Uusi-Guinea
0%
Papua-Uusi-Guinea
0%
Paraguay
0%
Paraguay
0%
Paraguay
0%
Paraguay
0%
Paraguay
0%
Paraguay
0%
Paraguay
0%
Paraguay
0%
Paraguay
0%
Paraguay
0%
Peru
0%
Peru
0%
Peru
0%
Peru
0%
Peru
0%
Peru
0%
Peru
0%
Peru
0%
Peru
0%
Peru
0%
Peru
0%
Peru
0%
Peru
0%
Peru
0%
Peru
0%
Peru
0%
Peru
0%
Peru
0%
Peru
0%
Peru
0%
Peru
0%
Pohjois-Korea
0%
Pohjois-Korea
0%
Pohjois-Korea
0%
Pohjois-Korea
0%
Pohjois-Makedonia
0%
Portugali
0%
Portugali
0%
Portugali
0%
Portugali
0%
Portugali
0%
Portugali
0%
Puola
0%
Puola
0%
Puola
0%
Puola
0%
Puola
0%
Puola
0%
Puola
0%
Puola
0%
Puola
0%
Qatar
0%
Qatar
0%
Ranska
0%
Ranska
0%
Ranska
0%
Ranska
0%
Ranska
0%
Ranska
0%
Ranska
0%
Ranska
0%
Ranska
0%
Ranska
0%
Ranska
0%
Ranska
0%
Ranska
0%
Ranska
0%
Ranska
0%
Ranska
0%
Ranska
0%
Ranska
0%
Ranska
0%
Romania
0%
Romania
0%
Romania
0%
Romania
0%
Romania
0%
Romania
0%
Ruanda
0%
Ruotsi
0%
Ruotsi
0%
Ruotsi
0%
Ruotsi
0%
Ruotsi
0%
Ruotsi
0%
Ruotsi
0%
Ruotsi
0%
Ruotsi
0%
Ruotsi
0%
Ruotsi
0%
Ruotsi
0%
Ruotsi
0%
Ruotsi
0%
Ruotsi
0%
Ruotsi
0%
Saint Kitts ja Nevis
0%
Saint Kitts ja Nevis
0%
Saint Lucia
0%
Saint Vincent ja Grenadiinit
0%
Saksa
0%
Saksa
0%
Saksa
0%
Saksa
0%
Saksa
0%
Saksa
0%
Saksa
0%
Saksa
0%
Salomonsaaret
0%
Salomonsaaret
0%
Salomonsaaret
0%
Salomonsaaret
0%
Salomonsaaret
0%
Salomonsaaret
0%
Salomonsaaret
0%
Salomonsaaret
0%
Salomonsaaret
0%
Sambia
0%
Sambia
0%
Sambia
0%
Sambia
0%
Sambia
0%
Sambia
0%
Sambia
0%
Sambia
0%
Sambia
0%
Sambia
0%
Sambia
0%
Sambia
0%
Sambia
0%
Samoa
0%
Samoa
0%
San Marino
0%
São Tomé ja Príncipe
0%
São Tomé ja Príncipe
0%
Saudi-Arabia
0%
Saudi-Arabia
0%
Saudi-Arabia
0%
Saudi-Arabia
0%
Saudi-Arabia
0%
Saudi-Arabia
0%
Saudi-Arabia
0%
Saudi-Arabia
0%
Saudi-Arabia
0%
Saudi-Arabia
0%
Saudi-Arabia
0%
Saudi-Arabia
0%
Saudi-Arabia
0%
Saudi-Arabia
0%
Saudi-Arabia
0%
Saudi-Arabia
0%
Saudi-Arabia
0%
Saudi-Arabia
0%
Saudi-Arabia
0%
Saudi-Arabia
0%
Saudi-Arabia
0%
Saudi-Arabia
0%
Saudi-Arabia
0%
Saudi-Arabia
0%
Saudi-Arabia
0%
Saudi-Arabia
0%
Saudi-Arabia
0%
Saudi-Arabia
0%
Saudi-Arabia
0%
Saudi-Arabia
0%
Saudi-Arabia
0%
Senegal
0%
Senegal
0%
Senegal
0%
Senegal
0%
Serbia
0%
Serbia
0%
Serbia
0%
Seychellit
0%
Sierra Leone
0%
Sierra Leone
0%
Singapore
0%
Slovakia
0%
Slovakia
0%
Slovenia
0%
Slovenia
0%
Somalia
0%
Somalia
0%
Somalia
0%
Somalia
0%
Somalia
0%
Somalia
0%
Somalia
0%
Somalia
0%
Somalia
0%
Somalia
0%
Somalia
0%
Somalia
0%
Somalia
0%
Somalia
0%
Sri Lanka
0%
Sri Lanka
0%
Sri Lanka
0%
Sudan
0%
Sudan
0%
Sudan
0%
Sudan
0%
Sudan
0%
Sudan
0%
Sudan
0%
Sudan
0%
Sudan
0%
Sudan
0%
Sudan
0%
Sudan
0%
Sudan
0%
Sudan
0%
Sudan
0%
Sudan
0%
Sudan
0%
Sudan
0%
Sudan
0%
Sudan
0%
Sudan
0%
Sudan
0%
Sudan
0%
Sudan
0%
Sudan
0%
Sudan
0%
Sudan
0%
Sudan
0%
Sudan
0%
Sudan
0%
Suomi
0%
Suomi
0%
Suomi
0%
Suomi
0%
Suomi
0%
Suomi
0%
Suomi
0%
Suomi
0%
Suomi
0%
Suomi
0%
Suomi
0%
Suriname
0%
Suriname
0%
Sveitsi
0%
Sveitsi
0%
Sveitsi
0%
Swazimaa
0%
Syyria
0%
Syyria
0%
Syyria
0%
Syyria
0%
Syyria
0%
Tadžikistan
0%
Tadžikistan
0%
Tadžikistan
0%
Tadžikistan
0%
Tadžikistan
0%
Tadžikistan
0%
Taiwan
0%
Taiwan
0%
Tansania
0%
Tansania
0%
Tansania
0%
Tansania
0%
Tansania
0%
Tansania
0%
Tansania
0%
Tansania
0%
Tansania
0%
Tansania
0%
Tansania
0%
Tansania
0%
Tansania
0%
Tansania
0%
Tansania
0%
Tanska
0%
Tanska
0%
Tanska
0%
Tanska
0%
Tanska
0%
Tanska
0%
Tanska
0%
Tanska
0%
Tanska
0%
Tanska
0%
Tanska
0%
Tanska
0%
Tanska
0%
Tanska
0%
Tanska
0%
Tanska
0%
Tanska
0%
Tanska
0%
Tanska
0%
Tanska
0%
Tanska
0%
Tanska
0%
Tanska
0%
Tanska
0%
Tanska
0%
Tanska
0%
Tanska
0%
Tanska
0%
Tanska
0%
Tanska
0%
Tanska
0%
Tanska
0%
Tanska
0%
Tanska
0%
Tanska
0%
Tanska
0%
Tanska
0%
Tanska
0%
Tanska
0%
Tanska
0%
Tanska
0%
Tanska
0%
Tanska
0%
Tanska
0%
Tanska
0%
Tanska
0%
Tanska
0%
Tanska
0%
Tanska
0%
Tanska
0%
Tanska
0%
Tanska
0%
Tanska
0%
Tanska
0%
Tanska
0%
Tanska
0%
Tanska
0%
Tanska
0%
Tanska
0%
Tanska
0%
Tanska
0%
Tanska
0%
Tanska
0%
Tanska
0%
Tanska
0%
Tanska
0%
Tanska
0%
Tanska
0%
Tanska
0%
Tanska
0%
Tanska
0%
Tanska
0%
Tanska
0%
Tanska
0%
Tanska
0%
Tanska
0%
Tanska
0%
Tanska
0%
Tanska
0%
Tanska
0%
Tanska
0%
Tanska
0%
Tanska
0%
Tanska
0%
Tanska
0%
Tanska
0%
Tanska
0%
Tanska
0%
Tanska
0%
Tanska
0%
Tanska
0%
Thaimaa
0%
Thaimaa
0%
Thaimaa
0%
Thaimaa
0%
Thaimaa
0%
Thaimaa
0%
Thaimaa
0%
Thaimaa
0%
Thaimaa
0%
Thaimaa
0%
Thaimaa
0%
Togo
0%
Togo
0%
Togo
0%
Tonga
0%
Trinidad ja Tobago
0%
Tšad
0%
Tšad
0%
Tšad
0%
Tšad
0%
Tšad
0%
Tšad
0%
Tšad
0%
Tšad
0%
Tšad
0%
Tšad
0%
Tšad
0%
Tšad
0%
Tšad
0%
Tšad
0%
Tšad
0%
Tšad
0%
Tšad
0%
Tšad
0%
Tšad
0%
Tšad
0%
Tšad
0%
Tšad
0%
Tšekki
0%
Tšekki
0%
Tšekki
0%
Tšekki
0%
Tunisia
0%
Tunisia
0%
Tunisia
0%
Tunisia
0%
Tunisia
0%
Turkki
0%
Turkki
0%
Turkki
0%
Turkki
0%
Turkki
0%
Turkki
0%
Turkki
0%
Turkki
0%
Turkki
0%
Turkki
0%
Turkki
0%
Turkki
0%
Turkki
0%
Turkki
0%
Turkki
0%
Turkki
0%
Turkki
0%
Turkki
0%
Turkki
0%
Turkki
0%
Turkmenistan
0%
Turkmenistan
0%
Turkmenistan
0%
Turkmenistan
0%
Turkmenistan
0%
Turkmenistan
0%
Turkmenistan
0%
Turkmenistan
0%
Turkmenistan
0%
Turkmenistan
0%
Turkmenistan
0%
Turkmenistan
0%
Turkmenistan
0%
Turkmenistan
0%
Tuvalu
0%
Uganda
0%
Uganda
0%
Uganda
0%
Uganda
0%
Ukraina
0%
Ukraina
0%
Ukraina
0%
Ukraina
0%
Ukraina
0%
Ukraina
0%
Ukraina
0%
Ukraina
0%
Ukraina
0%
Ukraina
0%
Ukraina
0%
Ukraina
0%
Ukraina
0%
Ukraina
0%
Ukraina
0%
Ukraina
0%
Ukraina
0%
Unkari
0%
Unkari
0%
Unkari
0%
Unkari
0%
Uruguay
0%
Uruguay
0%
Uruguay
0%
Uruguay
0%
Uusi-Seelanti
0%
Uusi-Seelanti
0%
Uusi-Seelanti
0%
Uusi-Seelanti
0%
Uusi-Seelanti
0%
Uusi-Seelanti
0%
Uusi-Seelanti
0%
Uusi-Seelanti
0%
Uusi-Seelanti
0%
Uusi-Seelanti
0%
Uusi-Seelanti
0%
Uzbekistan
0%
Uzbekistan
0%
Uzbekistan
0%
Uzbekistan
0%
Uzbekistan
0%
Uzbekistan
0%
Uzbekistan
0%
Uzbekistan
0%
Uzbekistan
0%
Uzbekistan
0%
Uzbekistan
0%
Uzbekistan
0%
Uzbekistan
0%
Uzbekistan
0%
Valko-Venäjä
0%
Valko-Venäjä
0%
Valko-Venäjä
0%
Valko-Venäjä
0%
Valko-Venäjä
0%
Vanuatu
0%
Vanuatu
0%
Vanuatu
0%
Vanuatu
0%
Vanuatu
0%
Venäjä
0%
Venäjä
0%
Venäjä
0%
Venäjä
0%
Venäjä
0%
Venäjä
0%
Venäjä
0%
Venäjä
0%
Venäjä
0%
Venäjä
0%
Venäjä
0%
Venäjä
0%
Venäjä
0%
Venäjä
0%
Venäjä
0%
Venäjä
0%
Venäjä
0%
Venäjä
0%
Venäjä
0%
Venäjä
0%
Venäjä
0%
Venäjä
0%
Venäjä
0%
Venäjä
0%
Venäjä
0%
Venäjä
0%
Venäjä
0%
Venäjä
0%
Venäjä
0%
Venäjä
0%
Venäjä
0%
Venäjä
0%
Venäjä
0%
Venäjä
0%
Venäjä
0%
Venäjä
0%
Venäjä
0%
Venäjä
0%
Venäjä
0%
Venäjä
0%
Venäjä
0%
Venäjä
0%
Venäjä
0%
Venäjä
0%
Venäjä
0%
Venäjä
0%
Venäjä
0%
Venäjä
0%
Venäjä
0%
Venäjä
0%
Venäjä
0%
Venäjä
0%
Venäjä
0%
Venäjä
0%
Venäjä
0%
Venäjä
0%
Venäjä
0%
Venäjä
0%
Venäjä
0%
Venäjä
0%
Venäjä
0%
Venäjä
0%
Venäjä
0%
Venäjä
0%
Venäjä
0%
Venäjä
0%
Venäjä
0%
Venäjä
0%
Venäjä
0%
Venäjä
0%
Venäjä
0%
Venäjä
0%
Venäjä
0%
Venäjä
0%
Venäjä
0%
Venäjä
0%
Venäjä
0%
Venäjä
0%
Venäjä
0%
Venäjä
0%
Venäjä
0%
Venäjä
0%
Venäjä
0%
Venäjä
0%
Venäjä
0%
Venäjä
0%
Venäjä
0%
Venäjä
0%
Venäjä
0%
Venäjä
0%
Venäjä
0%
Venäjä
0%
Venäjä
0%
Venäjä
0%
Venäjä
0%
Venäjä
0%
Venäjä
0%
Venäjä
0%
Venäjä
0%
Venäjä
0%
Venäjä
0%
Venäjä
0%
Venäjä
0%
Venäjä
0%
Venäjä
0%
Venäjä
0%
Venäjä
0%
Venäjä
0%
Venäjä
0%
Venäjä
0%
Venäjä
0%
Venäjä
0%
Venäjä
0%
Venäjä
0%
Venäjä
0%
Venäjä
0%
Venäjä
0%
Venäjä
0%
Venäjä
0%
Venäjä
0%
Venäjä
0%
Venäjä
0%
Venäjä
0%
Venäjä
0%
Venäjä
0%
Venäjä
0%
Venäjä
0%
Venäjä
0%
Venäjä
0%
Venäjä
0%
Venäjä
0%
Venäjä
0%
Venäjä
0%
Venäjä
0%
Venäjä
0%
Venäjä
0%
Venäjä
0%
Venäjä
0%
Venäjä
0%
Venäjä
0%
Venäjä
0%
Venäjä
0%
Venäjä
0%
Venäjä
0%
Venäjä
0%
Venäjä
0%
Venäjä
0%
Venäjä
0%
Venäjä
0%
Venäjä
0%
Venäjä
0%
Venäjä
0%
Venäjä
0%
Venäjä
0%
Venäjä
0%
Venäjä
0%
Venäjä
0%
Venäjä
0%
Venäjä
0%
Venäjä
0%
Venäjä
0%
Venäjä
0%
Venäjä
0%
Venäjä
0%
Venäjä
0%
Venäjä
0%
Venäjä
0%
Venäjä
0%
Venäjä
0%
Venäjä
0%
Venäjä
0%
Venäjä
0%
Venäjä
0%
Venäjä
0%
Venäjä
0%
Venäjä
0%
Venäjä
0%
Venäjä
0%
Venäjä
0%
Venäjä
0%
Venäjä
0%
Venäjä
0%
Venäjä
0%
Venäjä
0%
Venäjä
0%
Venäjä
0%
Venäjä
0%
Venäjä
0%
Venäjä
0%
Venäjä
0%
Venäjä
0%
Venäjä
0%
Venäjä
0%
Venäjä
0%
Venäjä
0%
Venäjä
0%
Venäjä
0%
Venäjä
0%
Venäjä
0%
Venäjä
0%
Venäjä
0%
Venäjä
0%
Venäjä
0%
Venäjä
0%
Venäjä
0%
Venäjä
0%
Venäjä
0%
Venäjä
0%
Venäjä
0%
Venäjä
0%
Venäjä
0%
Venäjä
0%
Venäjä
0%
Venäjä
0%
Venäjä
0%
Venäjä
0%
Venäjä
0%
Venäjä
0%
Venäjä
0%
Venäjä
0%
Venäjä
0%
Venäjä
0%
Venäjä
0%
Venäjä
0%
Venäjä
0%
Venäjä
0%
Venäjä
0%
Venäjä
0%
Venäjä
0%
Venäjä
0%
Venäjä
0%
Venäjä
0%
Venäjä
0%
Venäjä
0%
Venäjä
0%
Venäjä
0%
Venäjä
0%
Venäjä
0%
Venäjä
0%
Venäjä
0%
Venäjä
0%
Venäjä
0%
Venäjä
0%
Venäjä
0%
Venäjä
0%
Venäjä
0%
Venäjä
0%
Venäjä
0%
Venäjä
0%
Venäjä
0%
Venäjä
0%
Venäjä
0%
Venäjä
0%
Venäjä
0%
Venäjä
0%
Venäjä
0%
Venäjä
0%
Venäjä
0%
Venäjä
0%
Venäjä
0%
Venäjä
0%
Venäjä
0%
Venäjä
0%
Venäjä
0%
Venäjä
0%
Venäjä
0%
Venäjä
0%
Venäjä
0%
Venäjä
0%
Venäjä
0%
Venäjä
0%
Venäjä
0%
Venäjä
0%
Venäjä
0%
Venäjä
0%
Venäjä
0%
Venäjä
0%
Venäjä
0%
Venäjä
0%
Venäjä
0%
Venäjä
0%
Venäjä
0%
Venäjä
0%
Venäjä
0%
Venäjä
0%
Venäjä
0%
Venäjä
0%
Venäjä
0%
Venäjä
0%
Venäjä
0%
Venäjä
0%
Venäjä
0%
Venäjä
0%
Venäjä
0%
Venäjä
0%
Venäjä
0%
Venäjä
0%
Venäjä
0%
Venäjä
0%
Venäjä
0%
Venäjä
0%
Venäjä
0%
Venäjä
0%
Venäjä
0%
Venäjä
0%
Venäjä
0%
Venäjä
0%
Venäjä
0%
Venäjä
0%
Venäjä
0%
Venäjä
0%
Venäjä
0%
Venäjä
0%
Venäjä
0%
Venäjä
0%
Venäjä
0%
Venäjä
0%
Venäjä
0%
Venäjä
0%
Venäjä
0%
Venäjä
0%
Venäjä
0%
Venäjä
0%
Venäjä
0%
Venäjä
0%
Venäjä
0%
Venäjä
0%
Venäjä
0%
Venäjä
0%
Venäjä
0%
Venäjä
0%
Venäjä
0%
Venäjä
0%
Venäjä
0%
Venäjä
0%
Venäjä
0%
Venäjä
0%
Venäjä
0%
Venäjä
0%
Venäjä
0%
Venäjä
0%
Venäjä
0%
Venäjä
0%
Venäjä
0%
Venäjä
0%
Venäjä
0%
Venäjä
0%
Venäjä
0%
Venäjä
0%
Venäjä
0%
Venäjä
0%
Venäjä
0%
Venäjä
0%
Venäjä
0%
Venäjä
0%
Venäjä
0%
Venäjä
0%
Venäjä
0%
Venäjä
0%
Venäjä
0%
Venäjä
0%
Venäjä
0%
Venäjä
0%
Venäjä
0%
Venäjä
0%
Venäjä
0%
Venäjä
0%
Venäjä
0%
Venäjä
0%
Venäjä
0%
Venäjä
0%
Venäjä
0%
Venäjä
0%
Venäjä
0%
Venäjä
0%
Venäjä
0%
Venäjä
0%
Venäjä
0%
Venäjä
0%
Venäjä
0%
Venäjä
0%
Venäjä
0%
Venäjä
0%
Venäjä
0%
Venäjä
0%
Venäjä
0%
Venäjä
0%
Venäjä
0%
Venäjä
0%
Venäjä
0%
Venäjä
0%
Venäjä
0%
Venäjä
0%
Venäjä
0%
Venäjä
0%
Venäjä
0%
Venäjä
0%
Venäjä
0%
Venäjä
0%
Venäjä
0%
Venäjä
0%
Venäjä
0%
Venäjä
0%
Venäjä
0%
Venäjä
0%
Venäjä
0%
Venäjä
0%
Venäjä
0%
Venäjä
0%
Venäjä
0%
Venäjä
0%
Venäjä
0%
Venäjä
0%
Venäjä
0%
Venäjä
0%
Venäjä
0%
Venäjä
0%
Venäjä
0%
Venäjä
0%
Venäjä
0%
Venäjä
0%
Venäjä
0%
Venäjä
0%
Venäjä
0%
Venäjä
0%
Venäjä
0%
Venäjä
0%
Venäjä
0%
Venäjä
0%
Venäjä
0%
Venäjä
0%
Venäjä
0%
Venäjä
0%
Venäjä
0%
Venäjä
0%
Venäjä
0%
Venäjä
0%
Venäjä
0%
Venäjä
0%
Venäjä
0%
Venäjä
0%
Venäjä
0%
Venäjä
0%
Venäjä
0%
Venäjä
0%
Venäjä
0%
Venäjä
0%
Venäjä
0%
Venäjä
0%
Venäjä
0%
Venäjä
0%
Venäjä
0%
Venäjä
0%
Venäjä
0%
Venäjä
0%
Venäjä
0%
Venäjä
0%
Venäjä
0%
Venäjä
0%
Venäjä
0%
Venäjä
0%
Venäjä
0%
Venäjä
0%
Venäjä
0%
Venäjä
0%
Venäjä
0%
Venäjä
0%
Venäjä
0%
Venäjä
0%
Venäjä
0%
Venäjä
0%
Venäjä
0%
Venäjä
0%
Venäjä
0%
Venäjä
0%
Venäjä
0%
Venäjä
0%
Venäjä
0%
Venäjä
0%
Venäjä
0%
Venäjä
0%
Venäjä
0%
Venäjä
0%
Venäjä
0%
Venäjä
0%
Venäjä
0%
Venäjä
0%
Venäjä
0%
Venäjä
0%
Venäjä
0%
Venäjä
0%
Venäjä
0%
Venäjä
0%
Venäjä
0%
Venäjä
0%
Venäjä
0%
Venäjä
0%
Venäjä
0%
Venäjä
0%
Venäjä
0%
Venäjä
0%
Venäjä
0%
Venäjä
0%
Venäjä
0%
Venäjä
0%
Venäjä
0%
Venezuela
0%
Venezuela
0%
Venezuela
0%
Venezuela
0%
Venezuela
0%
Venezuela
0%
Venezuela
0%
Venezuela
0%
Venezuela
0%
Venezuela
0%
Venezuela
0%
Venezuela
0%
Venezuela
0%
Venezuela
0%
Venezuela
0%
Venezuela
0%
Venezuela
0%
Venezuela
0%
Venezuela
0%
Vietnam
0%
Vietnam
0%
Vietnam
0%
Vietnam
0%
Vietnam
0%
Vietnam
0%
Vietnam
0%
Vietnam
0%
Vietnam
0%
Viro
0%
Viro
0%
Yhdistyneet arabiemiirikunnat
0%
Yhdistyneet arabiemiirikunnat
0%
Yhdistyneet arabiemiirikunnat
0%
Yhdistynyt kuningaskunta
0%
Yhdistynyt kuningaskunta
0%
Yhdistynyt kuningaskunta
0%
Yhdistynyt kuningaskunta
0%
Yhdistynyt kuningaskunta
0%
Yhdistynyt kuningaskunta
0%
Yhdistynyt kuningaskunta
0%
Yhdistynyt kuningaskunta
0%
Yhdistynyt kuningaskunta
0%
Yhdistynyt kuningaskunta
0%
Yhdistynyt kuningaskunta
0%
Yhdistynyt kuningaskunta
0%
Yhdistynyt kuningaskunta
0%
Yhdistynyt kuningaskunta
0%
Yhdistynyt kuningaskunta
0%
Yhdysvallat
0%
Yhdysvallat
0%
Yhdysvallat
0%
Yhdysvallat
0%
Yhdysvallat
0%
Yhdysvallat
0%
Yhdysvallat
0%
Yhdysvallat
0%
Yhdysvallat
0%
Yhdysvallat
0%
Yhdysvallat
0%
Yhdysvallat
0%
Yhdysvallat
0%
Yhdysvallat
0%
Yhdysvallat
0%
Yhdysvallat
0%
Yhdysvallat
0%
Yhdysvallat
0%
Yhdysvallat
0%
Yhdysvallat
0%
Yhdysvallat
0%
Yhdysvallat
0%
Yhdysvallat
0%
Yhdysvallat
0%
Yhdysvallat
0%
Yhdysvallat
0%
Yhdysvallat
0%
Yhdysvallat
0%
Yhdysvallat
0%
Yhdysvallat
0%
Yhdysvallat
0%
Yhdysvallat
0%
Yhdysvallat
0%
Yhdysvallat
0%
Yhdysvallat
0%
Yhdysvallat
0%
Yhdysvallat
0%
Yhdysvallat
0%
Yhdysvallat
0%
Yhdysvallat
0%
Yhdysvallat
0%
Yhdysvallat
0%
Yhdysvallat
0%
Yhdysvallat
0%
Yhdysvallat
0%
Yhdysvallat
0%
Yhdysvallat
0%
Yhdysvallat
0%
Yhdysvallat
0%
Yhdysvallat
0%
Yhdysvallat
0%
Yhdysvallat
0%
Yhdysvallat
0%
Yhdysvallat
0%
Yhdysvallat
0%
Yhdysvallat
0%
Yhdysvallat
0%
Yhdysvallat
0%
Yhdysvallat
0%
Yhdysvallat
0%
Yhdysvallat
0%
Yhdysvallat
0%
Yhdysvallat
0%
Yhdysvallat
0%
Yhdysvallat
0%
Yhdysvallat
0%
Yhdysvallat
0%
Yhdysvallat
0%
Yhdysvallat
0%
Yhdysvallat
0%
Yhdysvallat
0%
Yhdysvallat
0%
Yhdysvallat
0%
Yhdysvallat
0%
Yhdysvallat
0%
Yhdysvallat
0%
Yhdysvallat
0%
Yhdysvallat
0%
Yhdysvallat
0%
Yhdysvallat
0%
Yhdysvallat
0%
Yhdysvallat
0%
Yhdysvallat
0%
Yhdysvallat
0%
Yhdysvallat
0%
Yhdysvallat
0%
Yhdysvallat
0%
Yhdysvallat
0%
Yhdysvallat
0%
Yhdysvallat
0%
Yhdysvallat
0%
Yhdysvallat
0%
Yhdysvallat
0%
Yhdysvallat
0%
Yhdysvallat
0%
Yhdysvallat
0%
Yhdysvallat
0%
Yhdysvallat
0%
Yhdysvallat
0%
Yhdysvallat
0%
Yhdysvallat
0%
Yhdysvallat
0%
Yhdysvallat
0%
Yhdysvallat
0%
Yhdysvallat
0%
Yhdysvallat
0%
Yhdysvallat
0%
Yhdysvallat
0%
Yhdysvallat
0%
Yhdysvallat
0%
Yhdysvallat
0%
Yhdysvallat
0%
Yhdysvallat
0%
Yhdysvallat
0%
Yhdysvallat
0%
Yhdysvallat
0%
Yhdysvallat
0%
Yhdysvallat
0%
Yhdysvallat
0%
Yhdysvallat
0%
Yhdysvallat
0%
Yhdysvallat
0%
Yhdysvallat
0%
Yhdysvallat
0%
Yhdysvallat
0%
Yhdysvallat
0%
Yhdysvallat
0%
Yhdysvallat
0%
Yhdysvallat
0%
Yhdysvallat
0%
Yhdysvallat
0%
Yhdysvallat
0%
Yhdysvallat
0%
Yhdysvallat
0%
Yhdysvallat
0%
Yhdysvallat
0%
Yhdysvallat
0%
Yhdysvallat
0%
Yhdysvallat
0%
Yhdysvallat
0%
Yhdysvallat
0%
Yhdysvallat
0%
Yhdysvallat
0%
Yhdysvallat
0%
Yhdysvallat
0%
Yhdysvallat
0%
Yhdysvallat
0%
Yhdysvallat
0%
Yhdysvallat
0%
Yhdysvallat
0%
Yhdysvallat
0%
Yhdysvallat
0%
Yhdysvallat
0%
Yhdysvallat
0%
Yhdysvallat
0%
Yhdysvallat
0%
Yhdysvallat
0%
Yhdysvallat
0%
Yhdysvallat
0%
Yhdysvallat
0%
Yhdysvallat
0%
Yhdysvallat
0%
Yhdysvallat
0%
Yhdysvallat
0%
Yhdysvallat
0%
Yhdysvallat
0%
Yhdysvallat
0%
Yhdysvallat
0%
Yhdysvallat
0%
Yhdysvallat
0%
Yhdysvallat
0%
Yhdysvallat
0%
Yhdysvallat
0%
Yhdysvallat
0%
Yhdysvallat
0%
Yhdysvallat
0%
Yhdysvallat
0%
Yhdysvallat
0%
Yhdysvallat
0%
Yhdysvallat
0%
Yhdysvallat
0%
Yhdysvallat
0%
Yhdysvallat
0%
Yhdysvallat
0%
Yhdysvallat
0%
Yhdysvallat
0%
Yhdysvallat
0%
Yhdysvallat
0%
Yhdysvallat
0%
Yhdysvallat
0%
Yhdysvallat
0%
Yhdysvallat
0%
Yhdysvallat
0%
Yhdysvallat
0%
Yhdysvallat
0%
Yhdysvallat
0%
Yhdysvallat
0%
Yhdysvallat
0%
Yhdysvallat
0%
Yhdysvallat
0%
Yhdysvallat
0%
Yhdysvallat
0%
Yhdysvallat
0%
Yhdysvallat
0%
Yhdysvallat
0%
Yhdysvallat
0%
Yhdysvallat
0%
Yhdysvallat
0%
Yhdysvallat
0%
Yhdysvallat
0%
Yhdysvallat
0%
Yhdysvallat
0%
Yhdysvallat
0%
Yhdysvallat
0%
Yhdysvallat
0%
Yhdysvallat
0%
Yhdysvallat
0%
Yhdysvallat
0%
Yhdysvallat
0%
Yhdysvallat
0%
Yhdysvallat
0%
Yhdysvallat
0%
Yhdysvallat
0%
Zimbabwe
0%
Zimbabwe
0%
Zimbabwe
0%
Zimbabwe
0%
Zimbabwe
0%
Zimbabwe
0%
Zimbabwe
0%
Ehtoja vastaavia visoja ei löytynyt
Tulosjakauma
Jokaisen tuloksen saaneiden osuus
Persentiili vastausten määrän mukaan
Tuloshistoriasi
Et ole pelannut tätä visaa